Communes desservies par le tramway de Bordeaux - Statistiques

Statistiques générales
  • Ce quiz a été pris 32 fois
  • Le résultat moyen est 10 sur 12
Statistiques - réponses
Communes % Correct
Pessac (Ligne B)
97%
Mérignac (Lignes A et F)
91%
Bègles (Lignes C et F)
88%
Talence (Ligne B)
88%
Cenon (Lignes A et E)
81%
Eysines (Ligne D)
81%
Floirac (Ligne E)
78%
Villenave d'Ornon (Ligne C)
78%
Blanquefort (Ligne E)
75%
Bruges (Ligne E)
72%
Le Bouscat (Ligne D)
72%
Lormont (Ligne A)
72%
Aucun quiz correspondant
Distribution des résultats
% des personnes avec chaque résultat
Percentile par nombre de réponses
Votre historique - résultats
Vous n’avez pas pris ce quiz